000 00654nam a2200241 a 4500
003 AR-BaBNM
005 20251128202900.0
008 082120s2002 ||||||||||||||000 | spa||
040 _cAR-BaBNM
245 0 0 _aPáginas populares
_n1
250 _a1ª ed.
260 _aBuenos Aires
_bComisión Popular de homenaje a Sarmiento
_c1961
300 _a211 p.
600 1 4 _aLincoln, Abraham
600 1 4 _aSarmiento, Domingo Faustino
_d1868-1874
650 4 _aPRESIDENCIAS ARGENTINAS
650 4 _aEDUCACION
650 4 _aHISTORIA CULTURAL
650 4 _aASESINATO DE QUIROGA
700 1 _aPalcos, Alberto
_edirector
942 _cBK
998 _cmariana
999 _c1029
_d1029